000 00515nam a22001937a 4500
008 210303s9999 xx 000 0 und d
016 _2retro2021
020 _a9783380907
040 _aNLN
_bEnglish
_eAACR2
050 _aPQ1264
_b.A264
082 _a843.008
100 _aAGBASIERE, Julie
_929552
245 _aLe chemin de l'est /
_cJulie Agbasiere
260 _aEnugu State :
_bJee- Communications,
_c1996
300 _a31p. ;
_b20cm.
563 _a(pbk)
650 _aFrench, Fiction
_914211
942 _cBK
999 _c15255
_d15255